000 00805nam a2200253 4500
001 11597
003 HDC
007 cr bn ---aaaaa
008 210207c dr|noo 0 a eng d
040 _aHDC
100 _aCristabel Chia
_eauthor
_911950
245 0 _aHalal Food In Japan /
_cby Cristabel Chia
260 _a[No place] :
_bAsia Cuisine,
_c[no year]
336 _atext
_2rdacontent
337 _acomputer
_2rdamedia
338 _aonline resource
_2rdacarrier
650 _aAsia Cuisine
_911951
650 _ahalal food
_950
710 _aAsia Cuisine
856 _zRequest full-text at [email protected]
942 _2lcc
942 _cNEWS
942 _kNWSO 002315
999 _c8920
_d8920